Artists By 3 Most Streamed Songs On Spotify - Statistics

General Stats
  • This quiz has been taken 288 times
  • The average score is 26 of 30
Answer Stats
Hint Answer % Correct
7 Rings,Thank U Next, Save Your Tears (With The Weeknd) Ariana Grande
98%
Lovely, Bad Guy, When The Party's Over Billie Eilish
98%
Shallow, Poker Face, Always Remember Us This Way Lady Gaga
98%
As It Was, Watermelon Sugar, Adore You Harry Styles
97%
Driver's License, Good 4 U, Deja Vu Olivia Rodrigo
97%
Cruel Summer, Blank Space, I Don't Wanna Live Forever (With Zayn) Taylor Swift
97%
Shape Of You, Perfect, Photograph Ed Sheeran
96%
Dark Horse, Last Friday Night (T.G.I.F), Roar Katy Perry
96%
This Is What You Came For, We Found Love, Umbrella Rihanna
96%
Someone Like You, Rolling In The Deep, Easy On Me Adele
95%
Flowers, Party In The USA, Angels Like You Miley Cyrus
95%
Toxic, ...Baby One More Time, ...Oops I Did It Again Britney Spears
94%
Espresso, Nonsense, Please Please Please Sabrina Carpenter
94%
Just The Way You Are, When I Was Your Man, That's What I Like Bruno Mars
91%
Don't Start Now, One Kiss (With Calvin Harris), New Rules Dua Lipa
91%
Chandelier, Cheap Thrills, Dusk Till Dawn (With Zayn) Sia
91%
Stay ( With The Kid LAROI), Love Yourself, Let Me Love You (With DJ Snake) Justin Bieber
89%
Timber (With Pitbull), TiK ToK, Die Young Kesha
89%
Sunflower, Rockstar (with 21 Savage), Circles Post Malone
89%
Kill Bill, Kiss Me More (With the artist below) , All The Stars (With Kendrick Lamar) SZA
85%
Kiss Me More (With the artist above), Woman, Paint The Town Red Doja Cat
83%
Summertime Sadness, Young And Beautiful, Stargirl Interlude Lana Del Rey
82%
Good Luck, Babe, HOT TO GO, Red Wine Supernova Chappell Roan
77%
Cold Heart (With Dua Lipa)- PNAU Remix, I'm Still Standing, Rocket Man (I Think It's Gonna Be A Long Long Time) Elton John
76%
Beautiful Things, Slow It Down, In The Stars Benson Boone
71%
Bang Bang (With Ariana Grande and Nicki Minaj), Price Tag, Domino Jessie J
69%
Too Good At Goodbyes, Stay With Me, I'm Not The Only One Sam Smith
68%
Someone You Loved, Before You Go, Bruises Lewis Capaldi
67%
You Broke Me First, Greedy, 10:35 (With Tiësto) Tate McRae
62%
Rockabye ( With Sean Paul and Clean Bandit), 2002, FRIENDS (With Marshmellow) Anne Marie
53%
No matching quizzes found
Score Distribution
Percent of People with Each Score
Percentile by Number Answered
Your Score History
You have not taken this quiz